000 00380nam a2200145Ia 4500
008 240624s9999 xx 000 0 und d
041 _aeng
082 _a150.15 BRO
100 _aBROWN TIMOTHY A
245 _aCONFIRMATORY FACTOR ANALYSIS FOR APPLIED
250 _a(2nd ed.)
260 _c2015
_aNew York
_bThe Guilford Press
300 _axvii, 462 p.; 26 cm.
365 _c
_b38
999 _c29020
_d29020